ALBORADA INDIGENA (Record no. 59328)
[ view plain ]
| 000 -CABECERA | |
|---|---|
| campo de control de longitud fija | 00431nam a2200157 a 4500 |
| 005 - FECHA Y HORA DE LA ÚLTIMA TRANSACCIÓN | |
| campo de control | 20210219152715.0 |
| 008 - ELEMENTOS DE LONGITUD FIJA--INFORMACIÓN GENERAL | |
| campo de control de longitud fija | 991125n dis 000 0 spa u |
| 035 ## - NÚMERO DE CONTROL DEL SISTEMA | |
| Número de control de sistema | UPN01000059331 |
| 049 ## - COLECCIÓN | |
| Colección | Acervo histórico |
| 245 #0 - MENCIÓN DE TÍTULO | |
| Título | ALBORADA INDIGENA |
| 260 ## - PUBLICACIÓN, DISTRIBUCIÓN, ETC. | |
| Lugar de publicación, distribución, etc. | Distrito Federal, México : |
| Nombre del editor, distribuidor, etc. | Confederación Nacional de Jóvenes Indígenas |
| 362 0# - FECHAS DE PUBLICACIÓN Y/O DESIGNACIÓN SECUENCIAL | |
| Fecha de publicación y/o designación secuencial | 1935 1 (2) |
| 362 0# - FECHAS DE PUBLICACIÓN Y/O DESIGNACIÓN SECUENCIAL | |
| Fecha de publicación y/o designación secuencial | 1949 (5) |
| 904 ## - ELEMENTOS DE DATOS D LOCAL, LDD (RLIN) | |
| a | AC |
| b | 000063 |
| 905 ## - TIPO DE MATERIAL | |
| Tipo de material | Revista |
No items available.
